banner koha

A aplicacao da madeira e seus derivados na construcao habitacional (Registro n. 269069)

MARC details
000 -LÍDER
campo de controle de tamanho fixo 01096nac a22003137a 4500
001 - NÚMERO DE CONTROLE
campo de controle BR7901151
003 - IDENTIFICADOR DO NÚMERO DE CONTROLE
campo de controle BR-BrBNA
005 - DATA E HORÁRIO DA ÚLTIMA TRANSAÇÃO
campo de controle 20240105114404.0
008 - CAMPO DE DADOS FIXOS--INFORMAÇÃO GERAL
campo de controle de tamanho fixo 230509b bl.|||m| |||| 00| 0 por d
040 ## - FONTE DA CATALOGAÇÃO
Instituição da catalogação original BR-BrBNA
Idioma da catalogação por
Instituição que transcreveu o registro Biblioteca Nacional de Agricultura
072 ## - CÓDIGO DE CATEGORIA DE ASSUNTO
Código de Categoria de Assunto N10
090 ## - NÚMERO DE CHAMADA LOCAL
Número de chamada N10 BR7901151
100 1# - ENTRADA PRINCIPAL--NOME PESSOAL
Nome pessoal Rivoli, G.
100 1# - ENTRADA PRINCIPAL--NOME PESSOAL
Nome pessoal Koljonen, K.
100 1# - ENTRADA PRINCIPAL--NOME PESSOAL
Nome pessoal Nascimento, P.R.
100 1# - ENTRADA PRINCIPAL--NOME PESSOAL
Nome pessoal Mercado, R.S.
110 1# - ENTRADA PRINCIPAL--NOME CORPORATIVO
Nome corporativo ou nome da jurisdição Instituto Brasileiro de Desenvolvimento Florestal, Brasilia, DF (Brasil). Coordenadoria de Planejamento;
9 (RLIN) 5730
110 1# - ENTRADA PRINCIPAL--NOME CORPORATIVO
Nome corporativo ou nome da jurisdição Projeto de Desenvolvimento e Pesquisa Florestal, Brasilia, DF (Brasil)
9 (RLIN) 8062
245 1# - TÍTULO
Título A aplicacao da madeira e seus derivados na construcao habitacional
260 3# - PUBLICAÇÃO, DISTRIBUIÇÃO, ETC.
Local de publicação, distribuição, etc. Brasilia, DF (Brasil):
Data da publicação, distribuição, etc. 1978.
300 ## - DESCRIÇÃO FÍSICA
Extensão 135 p.
490 ## - TÍTULO DA SÉRIE
Título da série Colecao Desenvolvimento e Planejamento Florestal. Serie Tecnica (Brazil)
Número do volume ou designação sequencial da série no. 9
ISSN - International Standard Serial Number
500 ## - NOTA GERAL
Nota geral 15 tables; 6 ref.
650 ## - ASSUNTO--TERMO TÓPICO
Cabeçalho tópico ou nome geográfico ENGENHARIA AGRICOLA
650 ## - ASSUNTO--TERMO TÓPICO
Cabeçalho tópico ou nome geográfico ARQUITETURA CIVIL
650 ## - ASSUNTO--TERMO TÓPICO
Cabeçalho tópico ou nome geográfico MADEIRA
909 ## -
-- 202312
-- Lúcia Elande
-- 55
-- Lúcia Elande
942 ## - ELEMENTOS DE ENTRADA ADICIONADOS (KOHA)
Fonte da classificação ou esquema de arquivamento na estante Classificação AGRIS
Ocultar no OPAC Não
Tipo de material Koha Monografia Seriada
Exemplares
Situação do descarte Fonte da classificação ou esquema de arquivamento na estante Situação física Não pode ser emprestado Coleção Biblioteca de origem Biblioteca atual Localização na estante Total de empréstimos Número de telefone completo Código de barras Data de último acesso Tipo de material Koha Fonte de aquisição
  Classificação AGRIS       Biblioteca Nacional de Agricultura - Binagri Biblioteca Nacional de Agricultura - Binagri Agrobase - Acervo Geral   N10 BR7901151 N10 BR7901151 18/12/2023 Monografia Seriada Portaria Interministerial nº 164/94

BINAGRI

Telefone: (61)3218-2567/2388/3357/2097 - binagri@agro.gov.br

Ministério da Agricultura e Pecuária , Esplanada dos Ministérios, Bloco D, Anexo B, Brasília/DF, CEP: 70.043-900